| 000 | 01112nem0a2200277 4500 | ||
|---|---|---|---|
| 001 | RU\NLR\BIBL_A\022546284 | ||
| 005 | 20250702141532.0 | ||
| 035 | _a(NLR Aleph) 022546284 | ||
| 090 |
_a13412226 _c13412226 |
||
| 100 | _a20250521d1933 |||y0rusy50 ca | ||
| 101 | 0 | _arus | |
| 102 | _aRU | ||
| 120 | _aayy xx|| | ||
| 123 | 0 | _aa | |
| 200 | 1 |
_aСхема линии Мурманских жел. дор. _bКарты _eс показанием границ эксплоатационных районов по состоянию на 1/I 1933 г. |
|
| 206 | _aБез масштаба | ||
| 210 |
_aЛенинград _cСектор перевозок Леноблплана _d1933 |
||
| 215 |
_a1 к. _c1 цв. _d70х48 см |
||
| 333 | _aБесплатно | ||
| 509 | 0 | 1 |
_7ca _aМурманская ж. д. _92639170 _3RU\NLR\AUTH\5508198 |
| 607 |
_aЛенинградская область _jКарты _91018800 _3RU\NLR\AUTH\6671276 |
||
| 608 |
_aКарты железных дорог _92294013 _3RU\NLR\AUTH\6601600944 |
||
| 852 |
_aNLR _bК _j4-Сев 2/34 _m754 |
||
| 942 | _cMAP | ||
| 980 | _aNB | ||